00753 a2200217 4500003000500000005001700005010001600022020002200038020001700060040000900077082001800086100002200104245011100126260003100237300003600268505011000304650004100414650003400455700002400489700002200513Nust20221202110218.0 a 83021743 a0471805157 (pbk.) a0471866261 : cNust00a621.38153,COL1 aColclaser, Roy A.10aElectronic circuit analysis :bbasic principles /cRoy A. Colclaser, Donald A. Neamen, Charles F. Hawkins. aNew York :bWiley,cc1984. axviii, 574 p. :bill. ;c24 cm. aIntroduction to Device Concepts (Page-1), Digital Electronics (Page-143), Analog Electronics (Page-305).  0aElectronic apparatus and appliances. 0aTelecommunication Engineering1 aHawkins, Charles F.1 aNeamen, Donald A.